| 000 | 00756nam a2200241 u 4500 | ||
|---|---|---|---|
| 005 | 20240830063748.0 | ||
| 008 | 090617s1991 mx r 000 0 spa d | ||
| 020 | _a8485840135 | ||
| 035 | _aUPN01000171244 | ||
| 049 | _aCG | ||
| 050 | 4 |
_aP32 _bA9.2 |
|
| 100 | 1 | _aAznar, Eduardo | |
| 245 | 1 | 0 |
_aCoherencia textual y lectura / _cEduardo Aznar, Anna Cros, Lluís Quintana. |
| 260 |
_aBarcelona, Esp. : _bICE : _bHorsori, _c1991. |
||
| 300 | _a180 p. | ||
| 440 | 0 |
_aCuadernos de educación ; _v6 |
|
| 650 | 2 |
_aAnálisis del discurso _9232 |
|
| 650 | 4 |
_aINTERPRETACION ORAL- _xESTUDIO Y ENSEÑANZA (ELEMENTAL) _913468 |
|
| 650 | 7 |
_aEducación secundaria _2 _94281 |
|
| 700 | 1 |
_aCros, Anna, _ecoaut |
|
| 700 | 1 |
_aQuintana, Lluís, _ecoaut |
|
| 905 | _aLibro | ||
| 999 |
_c143349 _d143349 |
||